[Event "BCF-chT 2122 (4NCL)"]
[Site "England"]
[Date "2022.06.26"]
[Round "11.114"]
[White "Modi, Kishan Jagdish"]
[Black "Talsma, Paul"]
[Result "1-0"]
[WhiteElo "1993"]
[BlackElo "2136"]
[PlyCount "81"]
[EventDate "2021.11.27"]
[EventType "team-swiss"]
[EventRounds "11"]
[EventCountry "ENG"]
[SourceTitle "EXT 2023"]
[Source "ChessBase"]
[SourceDate "2022.10.05"]
[SourceVersion "1"]
[SourceVersionDate "2022.10.05"]
[SourceQuality "1"]
[WhiteTeam "The Sharks II"]
[BlackTeam "Anglian Avengers"]
[WhiteTeamCountry "ENG"]
[BlackTeamCountry "ENG"]

1. e4 e5 2. Nf3 Nc6 3. d4 exd4 4. Bc4 Nf6 5. e5 d5 6. Bb5 Ne4 7. Nxd4 Bc5 8. Be3 0-0 9. Bxc6 bxc6 10. 0-0 Qe8 11. Nd2 Nxd2 12. Qxd2 Qxe5 13. Nxc6 Bxe3 14. fxe3 Qxb2 15. Qxd5 Bb7 16. Rxf7 Rxf7 17. Rf1 Kh8 18. Qxf7 h6 19. Nd4 Qc3 20. Qb3 Qxb3 21. cxb3 Bd5 22. Rc1 c6 23. Rc2 a5 24. Nxc6 a4 25. b4 Bxc6 26. Rxc6 Rd8 27. Rc2 Rd1+ 28. Kf2 Rb1 29. a3 Rb3 30. Ra2 Kg8 31. Kf3 Kf7 32. Ke4 Ke6 33. Kd4 Kd6 34. e4 Rb1 35. e5+ Kc6 36. Rc2+ Kd7 37. Kc4 Kc6 38. Kd4+ Kd7 39. Kd5 Ra1 40. Rc3 Rb1 41. Rg3 1-0

[Event "BCF-chT2a 1920 (4NCL)"]
[Site "Daventry"]
[Date "2020.03.01"]
[Round "2.24"]
[White "Payne, Matthew"]
[Black "Talsma, Paul"]
[Result "1-0"]
[WhiteElo "2138"]
[BlackElo "2163"]
[PlyCount "107"]
[EventDate "2020.01.11"]
[EventType "team-tourn"]
[EventRounds "11"]
[EventCountry "ENG"]
[SourceTitle "CBM 195 Extra"]
[Source "ChessBase"]
[SourceDate "2020.05.31"]
[SourceVersion "1"]
[SourceVersionDate "2020.05.31"]
[SourceQuality "1"]
[WhiteTeam "Sussex Martlets"]
[BlackTeam "Anglian Avengers"]
[WhiteTeamCountry "ENG"]
[BlackTeamCountry "ENG"]

1. e4 e5 2. Nf3 Nf6 3. Nxe5 d6 4. Nf3 Nxe4 5. Nc3 Nxc3 6. dxc3 Be7 7. Be3 0-0 8. Qd2 Nc6 9. 0-0-0 Ne5 10. Kb1 c6 11. c4 Be6 12. Qc3 Bf6 13. Bd4 Ng4 14. Qd2 c5 15. Bxf6 Qxf6 16. Bd3 Rad8 17. Ng5 Bf5 18. f4 Rfe8 19. Rhe1 Qg6 20. Bxf5 Qxf5 21. Qxd6 Qc8 22. Rxe8+ Rxe8 23. b3 h6 24. Nf3 Nf2 25. Re1 Rxe1+ 26. Nxe1 Qe8 27. Nf3 b6 28. Ne5 Ne4 29. Qc6 Nc3+ 30. Kb2 Qd8 31. Qf3 Nd1+ 32. Kc1 Qd4 33. Nc6 Qa1+ 34. Kd2 Nb2 35. Ne7+ Kh7 36. h4 Nd1 37. Qd3+ g6 38. h5 Nf2 39. hxg6+ Kg7 40. Qc3+ Qxc3+ 41. Kxc3 fxg6 42. Nc8 Kf6 43. Kd2 Kf5 44. Ke3 Ng4+ 45. Kf3 Nh2+ 46. Kg3 Nf1+ 47. Kf2 Nd2 48. Nxa7 Kg4 49. Nc8 Ne4+ 50. Kg1 Nc3 51. a4 Ne2+ 52. Kf2 Nd4 53. Nxb6 Nxc2 54. a5 1-0

[Event "BCF-chT2 1819 (4NCL) Promotion"]
[Site "England"]
[Date "2019.05.04"]
[Round "9.23"]
[White "Jessel, Stephen"]
[Black "Talsma, Paul"]
[Result "1-0"]
[WhiteElo "2307"]
[BlackElo "2177"]
[PlyCount "85"]
[EventDate "2018.11.10"]
[EventType "team-tourn"]
[EventRounds "11"]
[EventCountry "ENG"]
[SourceTitle "EXT 2021"]
[Source "ChessBase"]
[SourceDate "2020.10.23"]
[SourceVersion "1"]
[SourceVersionDate "2020.10.23"]
[SourceQuality "1"]
[WhiteTeam "Gonzaga"]
[BlackTeam "Anglian Avengers"]
[WhiteTeamCountry "ENG"]
[BlackTeamCountry "ENG"]

1. Nf3 f5 2. g3 Nf6 3. Bg2 e6 4. 0-0 Be7 5. c4 0-0 6. b3 d6 7. d4 Ne4 8. Bb2 Bf6 9. Nc3 Nc6 10. Rc1 Nxc3 11. Bxc3 e5 12. dxe5 dxe5 13. Qd5+ Kh8 14. Qxd8 Rxd8 15. Rfd1 Re8 16. Ne1 Nd4 17. Kf1 Ne6 18. e3 Nc5 19. f4 exf4 20. exf4 Ne4 21. Bxf6 Nxf6 22. Nd3 Ne4 23. Ne5 Be6 24. Bxe4 fxe4 25. Kf2 Rad8 26. Ke3 Kg8 27. Kxe4 Bc8 28. c5 g6 29. Rxd8 Rxd8 30. Ke3 Bf5 31. Ke2 Rd5 32. b4 c6 33. a3 Kf8 34. Ke3 Ke7 35. Re1 Kf6 36. h4 h6 37. Rc1 g5 38. hxg5+ hxg5 39. Rh1 Kg7 40. Rh5 Kf6 41. Rh6+ Kg7 42. Rh8 gxf4+ 43. gxf4 1-0

[Event "BCF-chT2a 1819 (4NCL)"]
[Site "England"]
[Date "2019.01.12"]
[Round "3.25"]
[White "Talsma, Paul"]
[Black "Eden, Tomer"]
[Result "1-0"]
[WhiteElo "2184"]
[BlackElo "2155"]
[PlyCount "91"]
[EventDate "2018.11.10"]
[EventType "team-tourn"]
[EventRounds "11"]
[EventCountry "ENG"]
[SourceTitle "EXT 2021"]
[Source "ChessBase"]
[SourceDate "2020.10.23"]
[SourceVersion "1"]
[SourceVersionDate "2020.10.23"]
[SourceQuality "1"]
[WhiteTeam "Anglian Avengers"]
[BlackTeam "Barnet Knights"]
[WhiteTeamCountry "ENG"]
[BlackTeamCountry "ENG"]

1. d4 c6 2. c4 d6 3. Nc3 e5 4. Nf3 Nd7 5. e4 Ngf6 6. Be2 Be7 7. 0-0 0-0 8. h3 Re8 9. Be3 a6 10. a3 Qc7 11. Rc1 Qb8 12. b4 b5 13. d5 cxd5 14. cxd5 Nb6 15. Nd2 Bd7 16. Nb3 Rc8 17. Na5 Bd8 18. Qb3 Na4 19. Nc6 Bxc6 20. dxc6 Nxc3 21. Qxc3 Nxe4 22. Qd3 Nf6 23. Bf3 Qc7 24. g4 h6 25. Kg2 Be7 26. Bd5 Nxd5 27. Qxd5 Re8 28. f3 Bf8 29. Rf2 Rec8 30. h4 Qe7 31. g5 Qe6 32. Rd2 h5 33. c7 Qxd5 34. Rxd5 f6 35. g6 Be7 36. Bb6 Kf8 37. Rc6 Ke8 38. Rd2 Kd7 39. Rdc2 Ke6 40. Ba5 Kf5 41. Rb6 Kxg6 42. Rcc6 Kf5 43. Rxa6 Rxa6 44. Rxa6 Ke6 45. a4 bxa4 46. b5 1-0

[Event "BCF-chT2 1718 (4NCL) Promotion pool"]
[Site "England"]
[Date "2018.03.18"]
[Round "8.13"]
[White "Jaracz, Pawel"]
[Black "Talsma, Paul"]
[Result "1-0"]
[WhiteElo "2463"]
[BlackElo "2207"]
[PlyCount "87"]
[EventDate "2017.11.11"]
[EventType "team-tourn"]
[EventRounds "11"]
[EventCountry "ENG"]
[SourceTitle "EXT 2020"]
[Source "ChessBase"]
[SourceDate "2019.10.17"]
[SourceVersion "1"]
[SourceVersionDate "2019.10.17"]
[SourceQuality "1"]
[WhiteTeam "Manx Liberty"]
[BlackTeam "Anglian Avengers"]
[WhiteTeamCountry "ENG"]
[BlackTeamCountry "ENG"]

1. e4 e5 2. Nf3 Nc6 3. Bb5 a6 4. Ba4 Nf6 5. d3 d6 6. c3 g6 7. 0-0 Bg7 8. Re1 0-0 9. h3 Re8 10. Nbd2 b5 11. Bc2 Bb7 12. d4 Nb8 13. a4 Nbd7 14. Bd3 b4 15. dxe5 Nxe5 16. Nxe5 dxe5 17. Qc2 c5 18. Nb3 Rc8 19. cxb4 cxb4 20. Qe2 Re6 21. Bg5 Rd6 22. Red1 h6 23. Bxf6 Bxf6 24. Bc4 Rc7 25. Na5 Bc8 26. Bd5 Rc5 27. Nc4 Rd7 28. Rd3 Qc7 29. b3 Kg7 30. Rad1 Bg5 31. g3 Bf6 32. h4 h5 33. a5 Rd8 34. Qd2 Qb8 35. Kg2 Bg4 36. Ra1 Rc7 37. Ra4 Bd7 38. Rxb4 Bb5 39. Rf3 Rf8 40. Nd6 Be7 41. Nxf7 g5 42. Rf5 Bf1+ 43. Kxf1 Qxb4 44. Rxg5+ 1-0

[Event "BCF-chT1d 1617 (4NCL) Demotion pool"]
[Site "England"]
[Date "2017.05.01"]
[Round "11.87"]
[White "Gilfillan, Andrew"]
[Black "Talsma, Paul"]
[Result "1/2-1/2"]
[WhiteElo "1973"]
[BlackElo "2177"]
[PlyCount "81"]
[EventDate "2016.11.19"]
[EventType "team-tourn"]
[EventRounds "4"]
[EventCountry "ENG"]
[SourceTitle "EXT 2018"]
[Source "ChessBase"]
[SourceDate "2017.10.13"]
[SourceVersion "1"]
[SourceVersionDate "2017.10.13"]
[SourceQuality "1"]
[WhiteTeam "Kings Head"]
[BlackTeam "Anglian Avengers"]
[WhiteTeamCountry "ENG"]
[BlackTeamCountry "ENG"]

1. e4 e5 2. Nf3 Nc6 3. Bc4 Nf6 4. d3 h6 5. 0-0 d6 6. c3 g6 7. d4 exd4 8. cxd4 Bg7 9. Nc3 0-0 10. Re1 Bg4 11. Be2 Re8 12. h3 Bd7 13. Bf1 a6 14. a3 b5 15. b4 Nh7 16. Be3 g5 17. Rc1 Nf8 18. g3 Ng6 19. Bg2 Rc8 20. Nh2 a5 21. Nxb5 axb4 22. a4 Na5 23. Qd3 Bf8 24. Bd2 c6 25. Nxd6 Bxd6 26. e5 Bf8 27. f4 gxf4 28. gxf4 f5 29. Ng4 Be6 30. Nf6+ Kh8 31. Qg3 Bf7 32. d5 Be7 33. Nxe8 Bxe8 34. Qd3 cxd5 35. Qxf5 Nc4 36. Bxd5 Qxd5 37. Qxc8 Nxd2 38. Qxe8+ Kg7 39. e6 Nf3+ 40. Kf1 Nd2+ 41. Kg1 1/2-1/2

[Event "BCF-chT2c 1516 (4NCL)"]
[Site "England"]
[Date "2016.05.02"]
[Round "11.223"]
[White "Talsma, Paul"]
[Black "Hoffmann, Hendrik"]
[Result "0-1"]
[WhiteElo "2237"]
[BlackElo "2284"]
[PlyCount "74"]
[EventDate "2015.11.14"]
[EventType "team-swiss"]
[EventRounds "11"]
[EventCountry "ENG"]
[SourceTitle "EXT 2017"]
[Source "ChessBase"]
[SourceDate "2016.10.25"]
[SourceVersion "1"]
[SourceVersionDate "2016.10.25"]
[SourceQuality "1"]
[WhiteTeam "Anglian Avengers"]
[BlackTeam "Celtic Tigers"]
[WhiteTeamCountry "ENG"]
[BlackTeamCountry "ENG"]

1. d4 d5 2. c4 c6 3. e3 Nf6 4. Bd3 e5 5. dxe5 dxc4 6. Be2 Qxd1+ 7. Bxd1 Ng4 8. f4 Bb4+ 9. Ke2 Bf5 10. Nc3 Bd3+ 11. Kf3 h5 12. Nge2 Na6 13. Ng3 0-0-0 14. h3 h4 15. Nge4 Nh6 16. Nc5 Nxc5 17. e4 f5 18. exf6 gxf6 19. Be3 Nxe4 20. Bxa7 Nxc3 21. bxc3 Rhg8 22. Bf2 f5 23. Rg1 Be4+ 24. Ke2 Bxg2 25. Bc2 Rge8+ 26. Be3 Bxh3 27. Rg6 Nf7 28. Kf2 Nd6 29. Rh1 Bg4 30. Rxh4 Nb5 31. Rg7 Rh8 32. Rxh8 Rxh8 33. Kg2 Re8 34. Kf2 Rh8 35. Kg2 Re8 36. Kf2 Nxc3 37. a4 Nd5 0-1

[Event "BCF-chT2c 1516 (4NCL)"]
[Site "England"]
[Date "2016.04.30"]
[Round "9.243"]
[White "Talsma, Paul"]
[Black "Birtwistle, Nigel"]
[Result "1-0"]
[WhiteElo "2237"]
[BlackElo "2119"]
[PlyCount "53"]
[EventDate "2015.11.14"]
[EventType "team-swiss"]
[EventRounds "11"]
[EventCountry "ENG"]
[SourceTitle "EXT 2017"]
[Source "ChessBase"]
[SourceDate "2016.10.25"]
[SourceVersion "1"]
[SourceVersionDate "2016.10.25"]
[SourceQuality "1"]
[WhiteTeam "Anglian Avengers"]
[BlackTeam "Grantham Sharks II"]
[WhiteTeamCountry "ENG"]
[BlackTeamCountry "ENG"]

1. d4 Nf6 2. c4 c5 3. d5 b5 4. cxb5 a6 5. f3 e6 6. e4 axb5 7. Bxb5 Ba6 8. Bxa6 Nxa6 9. Ne2 c4 10. 0-0 Qb6+ 11. Kh1 Nb4 12. Na3 Rc8 13. Nc3 Nd3 14. Nxc4 Nf2+ 15. Rxf2 Qxf2 16. Be3 Qh4 17. g3 Qh5 18. Nb6 Bc5 19. Nxc8 Bxe3 20. Nd6+ Ke7 21. Nc4 Bc5 22. d6+ Kf8 23. e5 Ne8 24. Ne4 Ba7 25. Kg2 f5 26. Nc3 f4 27. Qa4 1-0

[Event "BCF-chT2b 1516 (4NCL)"]
[Site "England"]
[Date "2016.02.14"]
[Round "6.27"]
[White "Talsma, Paul"]
[Black "Garcia Ruiz, Fuentes Aitor"]
[Result "1-0"]
[WhiteElo "2245"]
[BlackElo "2027"]
[PlyCount "63"]
[EventDate "2015.11.14"]
[EventType "team-tourn"]
[EventRounds "7"]
[EventCountry "ENG"]
[SourceTitle "CBM 170 Extra"]
[Source "ChessBase"]
[SourceDate "2016.02.25"]
[SourceVersion "1"]
[SourceVersionDate "2016.02.25"]
[SourceQuality "1"]
[WhiteTeam "Anglian Avengers"]
[BlackTeam "Downend & Fishponds"]
[WhiteTeamCountry "ENG"]
[BlackTeamCountry "ENG"]

1. d4 Nf6 2. c4 g6 3. Nc3 Bg7 4. e4 d6 5. Be2 0-0 6. Bg5 Na6 7. f4 c5 8. d5 Qa5 9. Qd2 e6 10. Nf3 exd5 11. cxd5 Re8 12. 0-0 c4 13. e5 Ng4 14. Kh1 dxe5 15. fxe5 Nxe5 16. Nxe5 Bxe5 17. Bxc4 Nc5 18. Qf2 Bf5 19. Qh4 Qb6 20. d6 Qxd6 21. Nd5 Ne4 22. Ne7+ Rxe7 23. Bxe7 Qc7 24. Rac1 Qb6 25. Rce1 Bf6 26. Bxf6 Nxf6 27. Re7 Rf8 28. b3 Ng4 29. Bxf7+ Rxf7 30. Rxf7 Kxf7 31. Qxg4 Qe3 32. Qh4 1-0

[Event "BCF-chT2b 1516 (4NCL)"]
[Site "England"]
[Date "2016.01.23"]
[Round "3.7"]
[White "Walker, Nicholas P"]
[Black "Talsma, Paul"]
[Result "1/2-1/2"]
[WhiteElo "2177"]
[BlackElo "2245"]
[PlyCount "68"]
[EventDate "2015.11.14"]
[EventType "team-tourn"]
[EventRounds "7"]
[EventCountry "ENG"]
[SourceTitle "CBM 170 Extra"]
[Source "ChessBase"]
[SourceDate "2016.02.25"]
[SourceVersion "1"]
[SourceVersionDate "2016.02.25"]
[SourceQuality "1"]
[WhiteTeam "Hackney"]
[BlackTeam "Anglian Avengers"]
[WhiteTeamCountry "ENG"]
[BlackTeamCountry "ENG"]

1. Nf3 f5 2. d4 Nf6 3. Bg5 e6 4. Nbd2 Be7 5. g3 0-0 6. Bg2 d6 7. c4 h6 8. Bxf6 Bxf6 9. 0-0 e5 10. dxe5 dxe5 11. e4 Nc6 12. Qb3 f4 13. Rad1 fxg3 14. hxg3 Qe8 15. c5+ Kh8 16. Nb1 Rb8 17. Nc3 Bg4 18. Nd5 Bd8 19. Qa3 a6 20. Rd2 Qh5 21. Nh2 Nd4 22. c6 Bg5 23. Rxd4 bxc6 24. Rb4 cxd5 25. Rxb8 Rxb8 26. Nxg4 Qxg4 27. exd5 Qc4 28. d6 cxd6 29. Qxd6 Re8 30. Bd5 Qd3 31. Qc6 Rd8 32. Be4 Qd6 33. Qb7 Rb8 34. Qf7 Qf6 1/2-1/2